000 00682nam a22002172 4500
001 0000001350
005 20151021151052.0
008 070305s xx 000 0 eng d
020 _a186152918X :
_cKES 2,339
040 _aKABU
_cKABU
050 0 _aHB615
_b.B65
100 1 _aBolton, Bill.
_@0000149995
245 1 4 _aThe Entrepreneur in focus :
_bachieve your potential /
_cBill Bolton and John Thompson.
260 _aLondon :
_bThomson Learning,
_c2003.
300 _axii, 276 p.
650 0 _aEntrepreneurship.
_@0000148283
700 1 _aThompson, John.
_@0000149996
852 1 _9p3250 KES
908 _a070305
950 _@1
999 _c338
_d338